000 00396nam a22001337a 4500
020 _a9788126511914
040 _cNust
082 _a515.7
_bKRE
100 _aErwin Kreyszig
_913321
245 _aIntroductory Functional analysis with applications
260 _aNew Delhi:
_bJohn Wiley & Son Inc,
_c2006.
650 _aIntroductory Functional analysis with applications
_9124500
942 _2ddc
_cBK
999 _c610340
_d610340